একাত্তরের রণাঙ্গনে কামানের গর্জন শুনা যায় / (Record no. 198884)
[ view plain ]
| 000 -LEADER | |
|---|---|
| fixed length control field | 00754nam a22001817a 4500 |
| 003 - CONTROL NUMBER IDENTIFIER | |
| control field | BD-DhUL |
| 005 - DATE AND TIME OF LATEST TRANSACTION | |
| control field | 20170517165553.0 |
| 008 - FIXED-LENGTH DATA ELEMENTS--GENERAL INFORMATION | |
| fixed length control field | 170517s1995 bg a|||| |||| 00| 0 eng | |
| 040 ## - CATALOGING SOURCE | |
| Original cataloging agency | BD-DhUL |
| Transcribing agency | BD-DhUL |
| 082 ## - DEWEY DECIMAL CLASSIFICATION NUMBER | |
| Classification number | 954.92 |
| Item number | AZA |
| 100 1# - MAIN ENTRY--PERSONAL NAME | |
| Personal name | আবুল কালাম আযাদ । |
| 245 10 - TITLE STATEMENT | |
| Title | একাত্তরের রণাঙ্গনে কামানের গর্জন শুনা যায় / |
| Statement of responsibility, etc. | আবুল কালাম আযাদ । |
| 260 ## - PUBLICATION, DISTRIBUTION, ETC. (IMPRINT) | |
| Place of publication, distribution, etc. | ঢাকা : |
| Name of publisher, distributor, etc. | খোশরোজ, কিতাব মহল, |
| Date of publication, distribution, etc. | ১৯৯৫ । |
| 300 ## - PHYSICAL DESCRIPTION | |
| Extent | ২০৮ পৃ. ; |
| Dimensions | ২০ সে. মি. । |
| 650 #0 - SUBJECT ADDED ENTRY--TOPICAL TERM | |
| Topical term or geographic name as entry element | বাংলাদেশ ইতিহাস । |
| 650 #0 - SUBJECT ADDED ENTRY--TOPICAL TERM | |
| Topical term or geographic name as entry element | Bangladesh - history. |
| 942 ## - ADDED ENTRY ELEMENTS (KOHA) | |
| Source of classification or shelving scheme | |
| Koha item type | Books |
| Price effective from | Date last seen | Permanent Location | Not for loan | Date acquired | Source of classification or shelving scheme | Koha item type | Lost status | Withdrawn status | Source of acquisition | Collection code | Damaged status | Shelving location | Barcode | Current Location | Full call number |
|---|---|---|---|---|---|---|---|---|---|---|---|---|---|---|---|
| 2017-05-17 | 2017-05-17 | Dhaka University Library | Not For Loan | 2017-05-17 | Books | Gift | Non Fiction | Dr. Aftab Ahmed Collection | 427914(d) | Dhaka University Library | 954.92 AZA |
